000
00311nam a2200133Ia 4500
005
20251222142011.0
008
251222s9999||||xx |||||||||||||| ||spa||
020
_a
84-7118-598-9
082
_a
828.9/B44/1988
100
_a
Benson, Robert Hugh
245
0
_a
El Amo del Mundo
264
_b
Palabra
942
_c
LIB
999
_c
10320
_d
10320